[Event "Int. Stuttgarter Stadtmeisterschaft A"]
[Site "Ditzingen"]
[Date "2016.05.05"]
[Round "2.32"]
[White "Wirth, Steffen"]
[Black "Cummings, Orlyn"]
[Result "1/2-1/2"]
[WhiteElo "2001"]
[BlackElo "1884"]
[PlyCount "58"]
[EventDate "2016.??.??"]
[WhiteTeam "SSV Zuffenhausen"]
[BlackTeam "SK Schmiden/Cannstatt"]

1. d4 f5 2. Nc3 Nf6 3. Bg5 d5 4. Bxf6 exf6 5. e3 c6 6. Bd3 Bd6 7. Qf3 g6 8. Nh3
Be6 9. Nf4 Bf7 10. h4 h5 11. O-O-O Nd7 12. Rh3 Qc7 13. g3 O-O-O 14. Qg2 Kb8 15.
Nfe2 Rde8 16. Kb1 Nb6 17. Nc1 Bb4 18. N3e2 Nc8 19. c3 Bd6 20. Nb3 Qb6 21. Rc1
a5 22. c4 dxc4 23. Bxc4 Bxc4 24. Rxc4 a4 25. Nc5 Qb5 26. Rc2 Bxc5 27. dxc5 a3
28. Nd4 Qd3 29. Rh1 axb2 1/2-1/2

[Event "Int. Stuttgarter Stadtmeisterschaft A"]
[Site "Ditzingen"]
[Date "2016.05.05"]
[Round "2.33"]
[White "Ruff, Robert"]
[Black "Cummings, Nicolai"]
[Result "1-0"]
[WhiteElo "1871"]
[BlackElo "1996"]
[PlyCount "49"]
[EventDate "2016.??.??"]
[WhiteTeam "SK Sachsenheim"]
[BlackTeam "SC Ingersheim"]

1. d4 d5 2. c4 dxc4 3. Nf3 Nf6 4. e3 e6 5. Bxc4 a6 6. a4 c5 7. O-O Nc6 8. Nc3
cxd4 9. exd4 Nb4 10. Ne5 Be7 11. Re1 O-O 12. Re3 Nfd5 13. Rg3 Bf6 14. Qg4 g6
15. Bh6 Bg7 16. Bxg7 Kxg7 17. Rd1 b6 18. h4 f5 19. Qh3 Kh8 20. Rg5 Bb7 21. Qg3
Nxc3 22. bxc3 Nd5 23. h5 Nxc3 24. hxg6 hxg6 25. Qh3+ 1-0

[Event "Int. Stuttgarter Stadtmeisterschaft A"]
[Site "Ditzingen"]
[Date "2016.05.05"]
[Round "2.34"]
[White "Pfeifer, Wilfried"]
[Black "Baars, Mario"]
[Result "1-0"]
[WhiteElo "1995"]
[BlackElo "1775"]
[PlyCount "83"]
[EventDate "2016.??.??"]
[WhiteTeam "TSF Ditzingen"]
[BlackTeam "SG Schwäbisch Gmünd"]

1. f4 d5 2. Nf3 Nf6 3. e3 e6 4. b3 Bd6 5. Bb2 Nbd7 6. c4 c6 7. Bd3 Qc7 8. cxd5
cxd5 9. Nc3 a6 10. Rc1 Qb8 11. Ne2 b6 12. O-O O-O 13. Ng3 Bb7 14. Ng5 h6 15.
Nh5 e5 16. Bf5 Bc8 17. Bxd7 Nxd7 18. Qg4 Nc5 19. f5 f6 20. Ne6 Nxe6 21. fxe6
Ra7 22. Nxf6+ Kh8 23. Nd7 Bxd7 24. exd7 Rc7 25. Qe6 Qd8 26. Qxd6 Rxf1+ 27. Rxf1
Qxd7 28. Qxe5 Kh7 29. a4 b5 30. axb5 axb5 31. Qf5+ Qxf5 32. Rxf5 Rc2 33. Bc3 d4
34. Bxd4 Rxd2 35. Rxb5 g5 36. h3 Kg6 37. Kh2 Kh5 38. Kg3 Rc2 39. b4 Rc8 40. e4
Rc4 41. Be3 Rxe4 42. Kf3 1-0

[Event "Int. Stuttgarter Stadtmeisterschaft A"]
[Site "Ditzingen"]
[Date "2016.05.05"]
[Round "2.35"]
[White "Stoll, Katja"]
[Black "Marzev, Ivan"]
[Result "1/2-1/2"]
[WhiteElo "1870"]
[BlackElo "1991"]
[PlyCount "96"]
[EventDate "2016.??.??"]
[WhiteTeam "SC Weiße Dame Ulm"]
[BlackTeam "SG Ludwigsburg"]

1. e4 c5 2. Nf3 Nc6 3. d4 cxd4 4. Nxd4 g6 5. g3 Bg7 6. Ne2 Nf6 7. Bg2 O-O 8.
O-O d6 9. Nbc3 Bg4 10. h3 Be6 11. a4 Bc4 12. Re1 Nd7 13. Nd5 Nc5 14. Nef4 Rc8
15. Ne3 b5 16. axb5 Bxb5 17. c3 a5 18. Nc2 e5 19. Nd5 Nd3 20. Re3 Nxc1 21. Qxc1
Bh6 22. f4 Bc4 23. Rf3 Bxd5 24. exd5 Ne7 25. Rf2 Qb6 26. Ne3 exf4 27. gxf4 Rfe8
28. Ng4 Bg7 29. Qe3 Nxd5 30. Qxb6 Nxb6 31. Rxa5 h5 32. Rb5 Nc4 33. Nh2 Rb8 34.
Bc6 Rec8 35. f5 Bh6 36. Nf1 Rb6 37. fxg6 Rbxc6 38. gxf7+ Kf8 39. Rxh5 Bg7 40.
Ng3 Rc5 41. Rxc5 dxc5 42. Ne4 Rc6 43. Ng5 Rg6 44. h4 Bh6 45. Rf5 Nxb2 46. Rxc5
Bxg5 47. Rxg5 Rxg5+ 48. hxg5 Kxf7 1/2-1/2

[Event "Int. Stuttgarter Stadtmeisterschaft A"]
[Site "Ditzingen"]
[Date "2016.05.05"]
[Round "2.36"]
[White "Reichenbächer, Thomas"]
[Black "Richter, Nils"]
[Result "1/2-1/2"]
[WhiteElo "1990"]
[BlackElo "1826"]
[PlyCount "99"]
[EventDate "2016.??.??"]
[WhiteTeam "SVG Konstanz"]
[BlackTeam "TSV/RSK Esslingen"]

1. c4 Nf6 2. Nc3 g6 3. g3 Bg7 4. Bg2 O-O 5. Nf3 d6 6. O-O e5 7. d3 Nc6 8. Rb1
Be6 9. b4 Qc8 10. b5 Ne7 11. Ng5 Bd7 12. Qb3 h6 13. Nge4 Nxe4 14. Nxe4 Bh3 15.
Ba3 Bxg2 16. Kxg2 Kh7 17. c5 d5 18. c6 dxe4 19. Bxe7 Rg8 20. Qxf7 exd3 21. exd3
bxc6 22. bxc6 Qa6 23. Rbc1 Qxd3 24. Rfd1 Qe4+ 25. Qf3 Qxf3+ 26. Kxf3 e4+ 27.
Ke2 Be5 28. Rd7 Rg7 29. Rcd1 Rb8 30. R1d5 Rb2+ 31. Ke3 Bd6 32. Bxd6 cxd6 33.
R5xd6 Rxa2 34. c7 Rc2 35. Kxe4 Rxc7 36. Rxc7 Rxc7 37. Ra6 Kg7 38. h4 h5 39. f4
Rc3 40. Rxa7+ Kf6 41. Ra6+ Kg7 42. f5 gxf5+ 43. Kf4 Rb3 44. Re6 Ra3 45. Rb6 Rc3
46. Rb7+ Kg6 47. Rb8 Kg7 48. Rb6 Ra3 49. Rb7+ Kg6 50. Rb6+ 1/2-1/2

[Event "Int. Stuttgarter Stadtmeisterschaft A"]
[Site "Ditzingen"]
[Date "2016.05.05"]
[Round "2.37"]
[White "Schulz, Jens Peter"]
[Black "Kast, Joannis"]
[Result "0-1"]
[WhiteElo "1850"]
[BlackElo "1985"]
[PlyCount "78"]
[EventDate "2016.??.??"]
[WhiteTeam "SV Dicker Turm Esslingen"]
[BlackTeam "SK Jöhlingen"]

1. e4 e5 2. Nc3 Nc6 3. f4 exf4 4. Nf3 Nge7 5. Bc4 Na5 6. Bb3 Nxb3 7. axb3 d5 8.
O-O dxe4 9. Nxe4 Ng6 10. d4 Be7 11. c4 O-O 12. Bd2 c6 13. Bc3 Qc7 14. Rc1 Bf5
15. Nf2 Rad8 16. Nd3 Bf6 17. Re1 Bg4 18. d5 Bxc3 19. Rxc3 cxd5 20. cxd5 Qb6+
21. Nf2 Rd6 22. Rd3 Rfd8 23. Rd4 Bxf3 24. gxf3 Qb5 25. Re2 Rxd5 26. Rxd5 Rxd5
27. Qe1 Rd8 28. Ne4 Qxb3 29. Nc3 Qb6+ 30. Kg2 Qc6 31. h4 f6 32. h5 Ne5 33. Ne4
Rd3 34. h6 Rxf3 35. hxg7 Re3 36. Rxe3 fxe3 37. Qb4 Kxg7 38. Kg3 e2 39. Kf2 Nd3+
0-1

[Event "Int. Stuttgarter Stadtmeisterschaft A"]
[Site "Ditzingen"]
[Date "2016.05.05"]
[Round "2.38"]
[White "Herold, Hansjoerg"]
[Black "Nettelbeck, Jann"]
[Result "1-0"]
[WhiteElo "1983"]
[BlackElo "1821"]
[PlyCount "115"]
[EventDate "2016.??.??"]
[WhiteTeam "SV Böckingen"]
[BlackTeam "SC Bad Bergzabern"]

1. e4 e5 2. Nf3 Nc6 3. Nc3 Nf6 4. Bb5 d6 5. d4 exd4 6. Nxd4 Bd7 7. Bg5 h6 8.
Bh4 g5 9. Bg3 Nxd4 10. Bxd7+ Qxd7 11. Qxd4 Bg7 12. Qb4 O-O 13. O-O-O a5 14. Qc4
Qc6 15. Qxc6 bxc6 16. e5 dxe5 17. Bxe5 Ng4 18. Bxg7 Kxg7 19. Rd2 Rad8 20. Re2
Rfe8 21. f3 Rxe2 22. Nxe2 Ne3 23. g3 f5 24. Re1 Ng2 25. Rd1 Rxd1+ 26. Kxd1 Ne3+
27. Kd2 Nf1+ 28. Kd3 Nxh2 29. Nd4 g4 30. Nxf5+ Kg6 31. fxg4 Kg5 32. a4 Nxg4 33.
Nd4 Ne5+ 34. Ke4 Nc4 35. b3 Nd6+ 36. Kf3 h5 37. Nxc6 Nb7 38. c3 Kf5 39. b4 axb4
40. cxb4 Nd6 41. a5 Nc4 42. a6 Nb6 43. a7 Na8 44. b5 Nb6 45. Ne7+ Kg5 46. Nd5
Na8 47. Ke4 Kg4 48. Nf6+ Kg5 49. Ke5 Kg6 50. Ke6 Kg5 51. Ke7 Kg6 52. Nd5 Kg5
53. Ne3 h4 54. gxh4+ Kxh4 55. Nd5 Kg5 56. Kd7 Kf5 57. Kc6 Ke6 58. Nxc7+ 1-0

[Event "Int. Stuttgarter Stadtmeisterschaft A"]
[Site "Ditzingen"]
[Date "2016.05.05"]
[Round "2.39"]
[White "Lehmann, Stefan"]
[Black "Langjahr, Marius"]
[Result "1/2-1/2"]
[WhiteElo "1903"]
[BlackElo "1807"]
[PlyCount "98"]
[EventDate "2016.??.??"]
[WhiteTeam "Ssg Fils-Lauter"]
[BlackTeam "SK Sachsenheim"]

1. e4 e6 2. d4 d5 3. Nd2 Nf6 4. e5 Nfd7 5. Bd3 c5 6. c3 Nc6 7. Ngf3 cxd4 8.
cxd4 f6 9. exf6 Nxf6 10. O-O Bd6 11. Re1 O-O 12. Nb3 Bd7 13. Ne5 Bb4 14. Bd2
Bxd2 15. Qxd2 Nxe5 16. dxe5 Ng4 17. Re2 Qb6 18. h3 Nh6 19. Nd4 Kh8 20. Nf3 Bb5
21. Ng5 Bxd3 22. Qxd3 g6 23. Rc1 Nf7 24. Nf3 Rac8 25. Rec2 Rc6 26. Qa3 Kg8 27.
Rxc6 bxc6 28. Rc5 Rb8 29. b3 Qc7 30. Nd4 Nd8 31. f4 Rb6 32. Qc1 Qb7 33. Kh2 Kg7
34. Qc3 Kf8 35. a3 Kg8 36. Qg3 Qe7 37. b4 Kf8 38. Qg4 Ke8 39. Qf3 Qd7 40. Qc3
a6 41. Qc2 Qf7 42. g3 Qd7 43. g4 Kf8 44. Qf2 Qe7 45. Rc3 Rb7 46. Nxc6 Nxc6 47.
Rxc6 a5 48. Qc5 axb4 49. axb4 Qxc5 1/2-1/2

[Event "Int. Stuttgarter Stadtmeisterschaft A"]
[Site "Ditzingen"]
[Date "2016.05.05"]
[Round "2.40"]
[White "Gheng, Dominik"]
[Black "Zeh, Rolf"]
[Result "1-0"]
[WhiteElo "1840"]
[BlackElo "1957"]
[PlyCount "97"]
[EventDate "2016.??.??"]
[WhiteTeam "Schach-Kids Bernhausen"]
[BlackTeam "SV Böckingen"]

1. e4 c6 2. d4 d5 3. exd5 cxd5 4. c4 Nf6 5. Nc3 e6 6. Nf3 Be7 7. cxd5 Nxd5 8.
Bb5+ Kf8 9. Ne5 Qa5 10. Qf3 f6 11. Nc4 Qd8 12. O-O a6 13. Ba4 b5 14. Nxb5 axb5
15. Bxb5 Ba6 16. Bxa6 Rxa6 17. Bd2 Nc6 18. Be3 Nxe3 19. fxe3 Qd5 20. Qe2 Ra7
21. a4 g6 22. Nb6 Qe4 23. Rf4 Nxd4 24. Rxe4 Nxe2+ 25. Kf2 Bc5 26. Nc4 f5 27.
Rxe6 Nf4 28. Rc6 Re7 29. b4 Re4 30. bxc5 Rxc4 31. exf4 Rxf4+ 32. Ke3 Re4+ 33.
Kf3 Kg7 34. Rc7+ Kh6 35. a5 Rd8 36. Ra2 Rdd4 37. c6 Rf4+ 38. Kg3 Kg5 39. h3 h5
40. a6 h4+ 41. Kh2 Rd1 42. Rd7 Rc1 43. g3 hxg3+ 44. Kxg3 Rc3+ 45. Kg2 Rff3 46.
Rh7 Rg3+ 47. Kh2 f4 48. a7 Ra3 49. a8=Q 1-0

[Event "Int. Stuttgarter Stadtmeisterschaft A"]
[Site "Ditzingen"]
[Date "2016.05.05"]
[Round "2.41"]
[White "Lüdke, Joshua"]
[Black "Baumeister, Jürgen"]
[Result "1-0"]
[WhiteElo "1934"]
[BlackElo "1814"]
[PlyCount "78"]
[EventDate "2016.??.??"]
[WhiteTeam "SV Marbach"]
[BlackTeam "SC Asperg"]

1. d4 e6 2. e4 d5 3. Nd2 a6 4. e5 c5 5. c3 cxd4 6. cxd4 Nc6 7. Nb3 Bd7 8. Bd3
Nb4 9. Bb1 Rc8 10. Ne2 Qh4 11. a3 Nc6 12. g3 Qd8 13. Be3 Qb6 14. Bd3 Nh6 15.
Bxh6 gxh6 16. O-O Be7 17. Rc1 Kd8 18. Rc3 f5 19. Qc2 Ke8 20. Rc1 Kf7 21. Nc5
Bxc5 22. dxc5 Qc7 23. f4 h5 24. b4 Rhg8 25. b5 axb5 26. Bxb5 Nxe5 27. Nd4 Nc6
28. Bxc6 bxc6 29. Qe2 Qxf4 30. Qxh5+ Kf6 31. Ne2 Qg4 32. Qxh7 Rg7 33. Qh6+ Rg6
34. Qd2 e5 35. Rf1 Rh8 36. Rcc1 Be6 37. Rf2 Rh3 38. Qa5 Kg7 39. Qc7+ Kh6 1-0

[Event "Int. Stuttgarter Stadtmeisterschaft A"]
[Site "Ditzingen"]
[Date "2016.05.05"]
[Round "2.42"]
[White "Viehoff, Jürgen"]
[Black "Döring, Stefan"]
[Result "1-0"]
[WhiteElo "1824"]
[BlackElo "1945"]
[PlyCount "51"]
[EventDate "2016.??.??"]
[WhiteTeam "SC Stetten a.d.F."]
[BlackTeam "SC Tamm"]

1. d4 g6 2. Nf3 Bg7 3. e4 d6 4. Nc3 Nd7 5. Bc4 e6 6. Be3 a6 7. a4 h6 8. Qd2 Ne7
9. a5 Nf6 10. h3 d5 11. Bd3 dxe4 12. Nxe4 Ned5 13. Nxf6+ Qxf6 14. O-O g5 15.
Ne5 Qe7 16. c4 Bxe5 17. dxe5 Nxe3 18. Qxe3 Bd7 19. Be4 Rb8 20. Rfd1 Kf8 21. Qf3
Bc6 22. Bxc6 bxc6 23. Qxc6 Rxb2 24. Rd7 Qb4 25. Qxc7 Rb1+ 26. Kh2 1-0

[Event "Int. Stuttgarter Stadtmeisterschaft A"]
[Site "Ditzingen"]
[Date "2016.05.05"]
[Round "2.43"]
[White "Schmidt, Markus"]
[Black "Pfrommer, Martin"]
[Result "0-1"]
[WhiteElo "1901"]
[BlackElo "2013"]
[PlyCount "100"]
[EventDate "2016.??.??"]
[WhiteTeam "Stuttgarter SF"]
[BlackTeam "SV Schorndorf"]

1. e4 c5 2. b3 Nc6 3. Bb2 d6 4. Bb5 Bd7 5. Ne2 a6 6. Bxc6 Bxc6 7. d3 e6 8. O-O
Nf6 9. Nbc3 d5 10. exd5 Nxd5 11. Ng3 Qc7 12. Nce4 O-O-O 13. Qh5 f6 14. a3 Nf4
15. Qd1 f5 16. Ng5 Bxg2 17. Re1 Qc6 18. Be5 Nh3+ 19. Nxh3 Bxh3 20. f3 h5 21.
Kf2 Rh6 22. Ne2 g5 23. Kg3 h4+ 24. Kf2 f4 25. Rg1 Be7 26. Nc3 Bf5 27. Qe2 Rg6
28. Ne4 Rdg8 29. Rad1 h3 30. c3 Qd5 31. d4 cxd4 32. cxd4 Bxe4 33. Rc1+ Kd8 34.
fxe4 Qxb3 35. Rb1 Qe3+ 36. Qxe3 fxe3+ 37. Kxe3 b5 38. Rb3 Rf8 39. Rg4 Rf1 40.
d5 Bc5+ 41. Ke2 Rf2+ 42. Ke1 Rg2 43. Rbg3 Bf2+ 44. Kf1 Bxg3 45. Bxg3 e5 46. Ke1
a5 47. Kd1 b4 48. axb4 axb4 49. Kc1 b3 50. Kb1 b2 0-1

[Event "Int. Stuttgarter Stadtmeisterschaft A"]
[Site "Ditzingen"]
[Date "2016.05.05"]
[Round "2.44"]
[White "Gauer, Jakob"]
[Black "Imhof, Thomas"]
[Result "1/2-1/2"]
[WhiteElo "1801"]
[BlackElo "1930"]
[PlyCount "73"]
[EventDate "2016.??.??"]
[WhiteTeam "SC Ostfildern"]
[BlackTeam "SGem Vaihingen-Rohr"]

1. e4 c5 2. Nf3 d6 3. d4 cxd4 4. Nxd4 Nf6 5. Nc3 Nc6 6. Be3 e6 7. f3 Be7 8. Qd2
O-O 9. O-O-O a6 10. g4 Bd7 11. h4 Qc7 12. h5 Rfd8 13. g5 Ne8 14. g6 Ne5 15.
gxf7+ Kxf7 16. f4 Nc4 17. Bxc4 Qxc4 18. f5 e5 19. Nf3 Nf6 20. Ng5+ Kg8 21. h6
b5 22. hxg7 b4 23. Nd5 Nxd5 24. Qxd5+ Qxd5 25. Rxd5 Bc6 26. Rdd1 Bxg5 27. Bxg5
Rd7 28. Rh4 Kxg7 29. Rg1 Kf8 30. Bh6+ Kf7 31. Rhg4 d5 32. Rg7+ Kf6 33. Rxd7
Bxd7 34. Bg7+ Ke7 35. f6+ Kf7 36. exd5 Bf5 37. Rd1 1/2-1/2

[Event "Int. Stuttgarter Stadtmeisterschaft A"]
[Site "Ditzingen"]
[Date "2016.05.06"]
[Round "3.1"]
[White "Ivanisevic, Ivan"]
[Black "Tuncer, Ufuk"]
[Result "1-0"]
[WhiteElo "2646"]
[BlackElo "2292"]
[PlyCount "35"]
[EventDate "2016.??.??"]
[BlackTeam "SK Sontheim/Brenz"]

1. d4 Nf6 2. c4 g6 3. Nc3 Bg7 4. e4 d6 5. h3 O-O 6. Bg5 c5 7. d5 e6 8. Bd3 exd5
9. cxd5 a6 10. a4 Nbd7 11. Nf3 Re8 12. O-O Qc7 13. Qd2 Rb8 14. Bf4 c4 15. Bc2
b5 16. axb5 axb5 17. Nd4 Qc5 18. Nc6 1-0

[Event "Int. Stuttgarter Stadtmeisterschaft A"]
[Site "Ditzingen"]
[Date "2016.05.06"]
[Round "3.2"]
[White "Neyman, Igor"]
[Black "Ikonnikov, Vyacheslav"]
[Result "0-1"]
[WhiteElo "2262"]
[BlackElo "2545"]
[PlyCount "100"]
[EventDate "2016.??.??"]
[WhiteTeam "Stuttgarter SF"]
[BlackTeam "SF Bad Mergentheim"]

1. d4 Nf6 2. c4 e6 3. Nc3 Bb4 4. e3 O-O 5. Bd3 d5 6. Nf3 b6 7. O-O Ba6 8. cxd5
exd5 9. a3 Bxc3 10. bxc3 Qc8 11. a4 Re8 12. Qc2 Bxd3 13. Qxd3 Nc6 14. Nd2 Na5
15. f3 Qe6 16. Re1 c5 17. dxc5 bxc5 18. Qb5 Qb6 19. Ba3 Rac8 20. Rab1 Qc7 21.
Qd3 c4 22. Qc2 a6 23. Bb4 Nc6 24. Bc5 Nd7 25. Bd4 Nde5 26. Bb6 Qd7 27. Nf1 Nd3
28. Red1 h5 29. Rxd3 cxd3 30. Qxd3 Ne5 31. Qxa6 Rxc3 32. Qb5 Qe6 33. Rd1 h4 34.
Bd4 Rc7 35. Bxe5 Qxe5 36. Qxd5 Qxd5 37. Rxd5 Rb8 38. Rb5 Rbc8 39. Rb1 Rc2 40.
g3 h3 41. e4 Rg2+ 42. Kh1 Re2 43. a5 Rc3 44. a6 Rxf3 45. a7 Ra2 46. Nd2 Rfa3
47. Kg1 Kh7 48. Rd1 Rd3 49. Kf1 Rxa7 50. Ke2 Rad7 0-1

[Event "Int. Stuttgarter Stadtmeisterschaft A"]
[Site "Ditzingen"]
[Date "2016.05.06"]
[Round "3.3"]
[White "Maiorov, Nikita"]
[Black "Ott, Florian"]
[Result "1-0"]
[WhiteElo "2538"]
[BlackElo "2255"]
[PlyCount "46"]
[EventDate "2016.??.??"]
[BlackTeam "SC Forchheim"]

1. d4 Nf6 2. c4 e6 3. Nf3 b6 4. e3 Bb7 5. Nc3 Bb4 6. Bd3 Ne4 7. O-O f5 8. Ne2
O-O 9. a3 Bd6 10. b4 Qf6 11. Ne1 Qh6 12. f4 Be7 13. Bb2 d6 14. Rc1 Nd7 15. d5
Nef6 16. Rf3 exd5 17. cxd5 Bd8 18. Bc4 Ng4 19. h3 Bf6 20. Bd4 Bh4 21. g3 Bf6
22. hxg4 fxg4 23. Rf2 Rf7 1-0

[Event "Int. Stuttgarter Stadtmeisterschaft A"]
[Site "Ditzingen"]
[Date "2016.05.06"]
[Round "3.4"]
[White "Baenziger, Fabian"]
[Black "Teske, Henrik"]
[Result "0-1"]
[WhiteElo "2248"]
[BlackElo "2487"]
[PlyCount "88"]
[EventDate "2016.??.??"]
[BlackTeam "SC Remagen"]

1. b3 Nf6 2. Bb2 g6 3. e4 d6 4. f4 Bg7 5. d3 c5 6. Nf3 Nc6 7. Be2 O-O 8. O-O d5
9. Ne5 Nd4 10. Nd2 b6 11. c3 Nxe2+ 12. Qxe2 Bb7 13. c4 dxc4 14. dxc4 Qc7 15.
Rad1 Rad8 16. Nd3 Qd7 17. Nf2 Qc6 18. Nf3 Nxe4 19. Bxg7 Kxg7 20. Ng4 Qe6 21.
Qb2+ f6 22. Nf2 Nxf2 23. Qxf2 Qg4 24. Qg3 Bxf3 25. gxf3 Qf5 26. Qg4 Kf7 27.
Qxf5 gxf5 28. Kf2 e5 29. fxe5 fxe5 30. f4 e4 31. Ke3 Rg8 32. Rg1 Rxd1 33. Rxd1
Ke6 34. Rd2 h5 35. a3 Rg1 36. b4 Ra1 37. bxc5 bxc5 38. Rd8 Rxa3+ 39. Kf2 Rf3+
40. Kg2 Rxf4 41. Rd5 e3 42. Rd8 Re4 43. Re8+ Kf6 44. Rxe4 fxe4 0-1

[Event "Int. Stuttgarter Stadtmeisterschaft A"]
[Site "Ditzingen"]
[Date "2016.05.06"]
[Round "3.5"]
[White "Schröder, Kevin"]
[Black "Schmidt, Tobias"]
[Result "0-1"]
[WhiteElo "2361"]
[BlackElo "2221"]
[PlyCount "152"]
[EventDate "2016.??.??"]
[WhiteTeam "SC Hansa Dortmund"]
[BlackTeam "SC Erdmannhausen"]

1. d4 d5 2. Nf3 Nf6 3. g3 Bf5 4. Bg2 e6 5. O-O Be7 6. c4 c6 7. Nc3 O-O 8. Nh4
Bg4 9. h3 Bh5 10. g4 Bg6 11. Nxg6 hxg6 12. Qd3 Nbd7 13. Bf4 Qa5 14. Qd2 Bb4 15.
g5 Ne4 16. Qd3 Nxc3 17. bxc3 Bxc3 18. Rab1 dxc4 19. Qxc4 Nb6 20. Qc5 Rad8 21.
Rbc1 Rxd4 22. Bd6 Rc4 23. Qxa5 Bxa5 24. Rxc4 Nxc4 25. Bg3 Bb6 26. Rc1 Na5 27.
h4 Rd8 28. Bf3 Rd2 29. h5 gxh5 30. Bxh5 Kf8 31. Kg2 Ke7 32. g6 f6 33. Bf3 c5
34. Rh1 Rd8 35. Rh7 Rg8 36. Bf4 c4 37. Bh6 Kf8 38. Bd2 Nc6 39. Bxc6 bxc6 40.
Bb4+ c5 41. Bc3 Ke7 42. Kf3 e5 43. Kg4 Ke6 44. e4 Bc7 45. f3 Bd6 46. Be1 c3 47.
Bxc3 c4 48. Bd2 Bc5 49. f4 exf4 50. Kxf4 Bd4 51. Bc1 Be5+ 52. Kf3 c3 53. Ke3 a6
54. a3 a5 55. a4 Bd6 56. Kd3 Bb4 57. Rh5 Rd8+ 58. Kc2 Rd4 59. Rh7 Rxe4 60. Rxg7
Rg4 61. Rg8 Kf5 62. g7 Kg6 63. Rd8 Kxg7 64. Rd7+ Kg6 65. Kd3 Rg1 66. Kc2 Re1
67. Rd8 Kf5 68. Rd5+ Re5 69. Rd8 Re2+ 70. Kd3 Ra2 71. Kc4 Rxa4 72. Kb3 Ra1 73.
Rd1 Kg6 74. Rg1+ Kf7 75. Rh1 Ba3 76. Rh7+ Kg8 0-1

[Event "Int. Stuttgarter Stadtmeisterschaft A"]
[Site "Ditzingen"]
[Date "2016.05.06"]
[Round "3.6"]
[White "Braun, Joachim"]
[Black "Wenninger, Philipp"]
[Result "0-1"]
[WhiteElo "2165"]
[BlackElo "2352"]
[PlyCount "38"]
[EventDate "2016.??.??"]
[WhiteTeam "SF Birkenfeld"]
[BlackTeam "SC Erlangen"]

1. e4 c6 2. d4 d5 3. e5 Bf5 4. h4 h5 5. Bd3 Bxd3 6. Qxd3 e6 7. Bg5 Qb6 8. Nd2
c5 9. c4 Nc6 10. cxd5 exd5 11. Ngf3 Nb4 12. Qb3 Qa6 13. Kd1 c4 14. Qe3 Nd3 15.
Kc2 Rc8 16. a4 Qg6 17. Kd1 Nxb2+ 18. Ke2 c3 19. Rhc1 Qa6+ 0-1

[Event "Int. Stuttgarter Stadtmeisterschaft A"]
[Site "Ditzingen"]
[Date "2016.05.06"]
[Round "3.7"]
[White "Merk, Daniel"]
[Black "Flick, Antoine"]
[Result "0-1"]
[WhiteElo "1864"]
[BlackElo "2319"]
[PlyCount "164"]
[EventDate "2016.??.??"]
[WhiteTeam "Schach-Pinguine Sulzbach"]
[BlackTeam "SC Heitersheim"]

1. d4 d5 2. c4 c6 3. cxd5 cxd5 4. Nc3 Nf6 5. Nf3 Nc6 6. Bf4 e6 7. e3 Be7 8. Be2
O-O 9. O-O Nh5 10. Bg3 Bd7 11. Rc1 Rc8 12. a3 Na5 13. Ne5 Nxg3 14. hxg3 Be8 15.
b4 Nc4 16. Nxc4 dxc4 17. Na4 a5 18. Rb1 axb4 19. axb4 Ra8 20. Nc5 b6 21. Ne4
Bc6 22. Bf3 Bd5 23. Nc3 Bxf3 24. Qxf3 Ra3 25. Rfc1 Qa8 26. Nb5 Rb3 27. Rxb3
cxb3 28. Qxa8 Rxa8 29. Rb1 Bxb4 30. Rxb3 Ba5 31. Nc3 Kf8 32. Kf1 Ke7 33. Ke2
Kd7 34. Ne4 h6 35. g4 Kc6 36. Kd3 b5 37. g5 hxg5 38. Nxg5 Ra7 39. e4 Bd8 40.
Nf3 Kb6 41. Ne5 Bf6 42. Ng4 Bg5 43. g3 Ra2 44. f4 Be7 45. e5 Rg2 46. Ke4 b4 47.
Ne3 Ra2 48. d5 Bc5 49. dxe6 fxe6 50. f5 exf5+ 51. Nxf5 g6 52. Nh4 Ra3 53. Rd3
b3 54. Nf3 Kc6 55. Nd2 Ra4+ 56. Kf3 b2 57. Rb3 Rb4 58. Rc3 b1=Q 59. Nxb1 Rxb1
60. Kf4 Kd5 61. Rd3+ Bd4 62. e6 Re1 63. Ra3 Rxe6 64. Ra5+ Bc5 65. Ra8 Be7 66.
Ra5+ Kd4 67. Ra4+ Kd3 68. g4 g5+ 69. Kf5 Rf6+ 70. Ke5 Rc6 71. Kf5 Rc4 72. Ra7
Bd8 73. Ke5 Re4+ 74. Kf5 Rf4+ 75. Ke5 Bf6+ 76. Ke6 Bd4 77. Ra3+ Ke4 78. Rg3
Rf6+ 79. Ke7 Rf2 80. Ke6 Rf3 81. Rg2 Bf2 82. Rh2 Kf4 0-1

[Event "Int. Stuttgarter Stadtmeisterschaft A"]
[Site "Ditzingen"]
[Date "2016.05.06"]
[Round "3.8"]
[White "Kabisch, Thilo"]
[Black "Kröger, Fabian"]
[Result "1-0"]
[WhiteElo "2309"]
[BlackElo "2170"]
[PlyCount "107"]
[EventDate "2016.??.??"]
[WhiteTeam "SK Schmiden/Cannstatt"]
[BlackTeam "SC Kreut"]

1. e4 c5 2. Nf3 g6 3. d4 cxd4 4. Nxd4 Nf6 5. Nc3 d6 6. Be3 Bg7 7. Bc4 Ng4 8.
Bb5+ Kf8 9. Bg5 h6 10. Bh4 g5 11. Bg3 h5 12. h4 Qb6 13. Nde2 a6 14. Bc4 gxh4
15. Bxh4 e6 16. Bb3 Nd7 17. Qd2 Bh6 18. f4 Nde5 19. O-O-O Ng6 20. Kb1 Nxh4 21.
Rxh4 Bg7 22. Na4 Qc7 23. Qxd6+ Qxd6 24. Rxd6 Bf6 25. Rh3 Nf2 26. e5 Be7 27. Rf3
Bxd6 28. exd6 Ne4 29. Nb6 Nd2+ 30. Kc1 Nxf3 31. gxf3 Rb8 32. f5 e5 33. d7 Bxd7
34. Nxd7+ Ke7 35. Nxb8 Rxb8 36. f4 Kf6 37. fxe5+ Kxe5 38. Bxf7 h4 39. c4 b5 40.
b3 h3 41. Kc2 h2 42. Ng3 Rh8 43. Bd5 bxc4 44. bxc4 Rh3 45. Nh1 a5 46. Bc6 Kd4
47. f6 Rh6 48. f7 Rf6 49. Bd5 Kc5 50. Kd3 Rf1 51. Ke3 Rf6 52. Ng3 Kb4 53. Kd4
a4 54. Ke5 1-0

[Event "Int. Stuttgarter Stadtmeisterschaft A"]
[Site "Ditzingen"]
[Date "2016.05.06"]
[Round "3.9"]
[White "Niklasch, Oliver"]
[Black "Hubel, Merten"]
[Result "1-0"]
[WhiteElo "2319"]
[BlackElo "2061"]
[PlyCount "73"]
[EventDate "2016.??.??"]
[WhiteTeam "SK Schmiden/Cannstatt"]
[BlackTeam "SF Birkenfeld"]

1. g3 c5 2. Nf3 Nc6 3. d4 cxd4 4. Nxd4 e6 5. Bg2 Nf6 6. O-O Be7 7. c4 O-O 8.
Nc3 a6 9. b3 Qc7 10. Bb2 d6 11. Rc1 Nxd4 12. Qxd4 Bd7 13. Rfd1 e5 14. Qd3 Bc6
15. a4 Rfe8 16. Nb5 Bxb5 17. cxb5 Qb6 18. bxa6 Rxa6 19. Rc2 Bf8 20. e4 Nd7 21.
Bf1 Raa8 22. Qf3 Re6 23. Bc4 Rf6 24. Qe2 Rd8 25. Bc1 h6 26. Be3 Qa5 27. Rd5 Qa8
28. Qd2 Rc8 29. Ra5 Qb8 30. Ba7 Qa8 31. Bd5 Rxc2 32. Qxc2 Nc5 33. Bb6 Qe8 34.
Ra7 Ne6 35. Rxb7 Ng5 36. Qc7 Nf3+ 37. Kg2 1-0

[Event "Int. Stuttgarter Stadtmeisterschaft A"]
[Site "Ditzingen"]
[Date "2016.05.06"]
[Round "3.10"]
[White "Gabriel, Josef"]
[Black "Dudek, Richard"]
[Result "1/2-1/2"]
[WhiteElo "2073"]
[BlackElo "2230"]
[PlyCount "78"]
[EventDate "2016.??.??"]
[WhiteTeam "Stuttgarter SF"]
[BlackTeam "SC Eppingen"]

1. e4 c6 2. d4 d5 3. Nc3 dxe4 4. Nxe4 Nd7 5. Nf3 Ngf6 6. Ng3 e6 7. Be2 Bd6 8.
O-O O-O 9. Re1 Qc7 10. c4 b6 11. b3 Bb7 12. Bb2 c5 13. Qc2 Rfd8 14. Rad1 a5 15.
Ng5 h6 16. Nf3 a4 17. Bc3 axb3 18. axb3 Bf4 19. Qb2 Bxg3 20. hxg3 Ne4 21. Bd3
Nxc3 22. Qxc3 Nf6 23. dxc5 bxc5 24. Bb1 Rxd1 25. Rxd1 Rd8 26. Rxd8+ Qxd8 27.
Qd2 Qxd2 28. Nxd2 Kf8 29. f3 Ke7 30. Kf2 Kd6 31. Ke3 Ke5 32. g4 g5 33. Bd3 Nd7
34. Be4 Bxe4 35. Nxe4 f5 36. Nf2 Nf6 37. gxf5 exf5 38. g4 fxg4 39. fxg4 Nd7
1/2-1/2

[Event "Int. Stuttgarter Stadtmeisterschaft A"]
[Site "Ditzingen"]
[Date "2016.05.06"]
[Round "3.11"]
[White "Denisow, Jewgeny"]
[Black "Schwab, Matthias"]
[Result "1/2-1/2"]
[WhiteElo "2222"]
[BlackElo "2126"]
[PlyCount "41"]
[EventDate "2016.??.??"]
[WhiteTeam "SG Schwäbisch Gmünd"]
[BlackTeam "SC Böblingen"]

1. e4 e5 2. Nf3 Nc6 3. d4 exd4 4. Bc4 Nf6 5. Ng5 d5 6. exd5 Qe7+ 7. Kf1 Ne5 8.
Qxd4 Nxc4 9. Qxc4 h6 10. Nf3 Qc5 11. Qe2+ Be7 12. Nc3 O-O 13. a3 c6 14. Be3 Qd6
15. dxc6 bxc6 16. Rd1 Qc7 17. Bd4 a5 18. Be5 Qa7 19. Bd4 Qc7 20. Be5 Qa7 21.
Bd4 1/2-1/2

[Event "Int. Stuttgarter Stadtmeisterschaft A"]
[Site "Ditzingen"]
[Date "2016.05.06"]
[Round "3.12"]
[White "Krockenberger, Martin"]
[Black "Uso I Cubertorer, Lluis"]
[Result "1-0"]
[WhiteElo "2208"]
[BlackElo "1660"]
[PlyCount "49"]
[EventDate "2016.??.??"]
[WhiteTeam "SK Schmiden/Cannstatt"]

1. d4 e6 2. c4 f5 3. Nf3 Nf6 4. Nc3 c6 5. Bf4 d6 6. h3 Be7 7. e3 Ne4 8. Qc2 g5
9. Bh2 Nxc3 10. Qxc3 Nd7 11. Be2 Nf8 12. O-O-O Bf6 13. Qa3 g4 14. hxg4 fxg4 15.
Ne1 d5 16. Bxg4 dxc4 17. Qc5 b5 18. Bh5+ Ng6 19. Qxc6+ Bd7 20. Qe4 Kf7 21. Nf3
Qa5 22. Ne5+ Bxe5 23. Bxe5 Qxa2 24. Bxg6+ hxg6 25. Qf3+ 1-0